LEADER 00959nam0-2200337---450- 001 990010064870403321 005 20160420171202.0 010 $a9781409431299 035 $a001006487 035 $aFED01001006487 035 $a(Aleph)001006487FED01 035 $a001006487 100 $a20160420d2012----km-y0itay50------ba 101 0 $aeng 102 $aGB 105 $a--------001yy 200 1 $aGated communities?$eregulating migration in early modern cities$fedited by Bert De Munck and Anne Winter 210 $aFarnham ; Burlington$cAshgate$d2012 215 $aXII, 294 p. 610 0 $aMigrazioni$aEuropa$aStoria$aSec. 16-18 676 $a304.8094$v22$zita 676 $a307.77$v22$zita 702 1$aDe Munck,$bBert 702 1$aWinter,$bAnne 801 0$aIT$bUNINA$gRICA$2UNIMARC 901 $aBK 912 $a990010064870403321 952 $a304.8094 DEM 1$fBFS 959 $aBFS 996 $aGated communities$91498213 997 $aUNINA